[Event "LTU-chT"]
[Site "Lithuania"]
[Date "2023.04.23"]
[Round "7.4"]
[White "Reimanis, Ritvars"]
[Black "Navickas, Tadas"]
[Result "1-0"]
[WhiteElo "2360"]
[BlackElo "1314"]
[PlyCount "53"]
[EventDate "2023.03.04"]
[EventType "team"]
[EventRounds "7"]
[EventCountry "LTU"]
[SourceTitle "EXT 2024"]
[Source "ChessBase"]
[SourceDate "2023.10.10"]
[SourceVersion "1"]
[SourceVersionDate "2023.10.10"]
[SourceQuality "1"]
[WhiteTeam "Panevezio Gigant"]
[BlackTeam "Vilnius Sachmatu Erdves"]
[WhiteTeamCountry "LTU"]
[BlackTeamCountry "LTU"]

1. d4 Nf6 2. Nf3 d5 3. c4 e6 4. Nc3 Be7 5. Bf4 0-0 6. e3 Nbd7 7. cxd5 Nxd5 8. Nxd5 exd5 9. Bd3 c6 10. 0-0 Nf6 11. Qc2 h6 12. h3 Re8 13. Rab1 a5 14. Bh2 Be6 15. Ne5 Nd7 16. f4 Nxe5 17. dxe5 d4 18. e4 a4 19. Ra1 Bd7 20. Qf2 c5 21. f5 Bg5 22. Qe2 Qa5 23. Bc4 Qd2 24. Qh5 Rf8 25. Bd5 Bc6 26. f6 g6 27. Qxg6+ 1-0

[Event "LTU-chT"]
[Site "Lithuania"]
[Date "2023.03.04"]
[Round "1.4"]
[White "Juknis, Paulius"]
[Black "Navickas, Tadas"]
[Result "1-0"]
[WhiteElo "2114"]
[BlackElo "1314"]
[PlyCount "65"]
[EventDate "2023.03.04"]
[EventType "team"]
[EventRounds "7"]
[EventCountry "LTU"]
[SourceTitle "CBM 213 Extra"]
[Source "ChessBase"]
[SourceDate "2023.05.31"]
[SourceVersion "1"]
[SourceVersionDate "2023.05.31"]
[SourceQuality "1"]
[WhiteTeam "Kaunas Security"]
[BlackTeam "Vilnius Sachmatu Erdves"]
[WhiteTeamCountry "LTU"]
[BlackTeamCountry "LTU"]

1. e4 c6 2. d4 d5 3. exd5 cxd5 4. Bd3 Nc6 5. c3 Nf6 6. Bf4 Qb6 7. Qb3 Qxb3 8. axb3 g6 9. Nf3 Bf5 10. Bxf5 gxf5 11. b4 e6 12. b5 Ne7 13. Be5 Bg7 14. Nbd2 Ng6 15. Bxf6 Bxf6 16. 0-0 Kd7 17. Ra4 a5 18. bxa6 Rxa6 19. Rxa6 bxa6 20. Ra1 Rb8 21. Ra2 Ne7 22. Kf1 Nc6 23. b4 a5 24. bxa5 Bd8 25. a6 Ba5 26. Ne5+ Nxe5 27. Rxa5 Nc6 28. Ra3 Ra8 29. Nb3 Nb8 30. Ke2 Kc7 31. Nc5 Kb6 32. Rb3+ Kc6 33. a7 1-0

[Event "Plunge op-B 41st"]
[Site "Plateliai"]
[Date "2022.07.22"]
[Round "7"]
[White "Navickas, Tadas"]
[Black "Ratkeviciute, Laurinta"]
[Result "1-0"]
[WhiteElo "1218"]
[BlackElo "1272"]
[PlyCount "117"]
[EventDate "2022.07.18"]
[EventType "swiss"]
[EventRounds "9"]
[EventCountry "LTU"]
[SourceTitle "CBM 209 Extra"]
[Source "ChessBase"]
[SourceDate "2022.09.30"]
[SourceVersion "1"]
[SourceVersionDate "2022.09.30"]
[SourceQuality "1"]

1. d4 d5 2. c4 e6 3. Nc3 a6 4. cxd5 exd5 5. Nf3 Nf6 6. Bg5 Be6 7. e3 Bd6 8. Qb3 Ra7 9. Nxd5 c6 10. Bxf6 gxf6 11. Qb6 Qxb6 12. Nxb6 Bc7 13. Na4 Ba5+ 14. Nc3 Nd7 15. Bd3 Ra8 16. Ke2 f5 17. Ng5 h6 18. Nxe6 fxe6 19. Rhg1 h5 20. a3 Ke7 21. b4 Bc7 22. h4 Nf6 23. Na4 a5 24. Rgc1 axb4 25. axb4 Bd6 26. b5 cxb5 27. Bxb5 Rac8 28. Nb6 Rc7 29. Nc4 Rhc8 30. Kd1 Nd5 31. Nxd6 Rxc1+ 32. Rxc1 Rxc1+ 33. Kxc1 Kxd6 34. Kc2 Nb4+ 35. Kb3 Nd5 36. Be8 Nf6 37. Bb5 Ng4 38. Be2 Kc6 39. Bxg4 fxg4 40. Kc4 Kd6 41. e4 Kc6 42. f3 g3 43. f4 b6 44. d5+ exd5+ 45. exd5+ Kd6 46. Kd4 b5 47. f5 b4 48. f6 b3 49. Kc3 Kd7 50. Kxb3 Ke8 51. Kc4 Kf7 52. Kc5 Kxf6 53. Kc6 Kf5 54. d6 Ke4 55. d7 Ke3 56. d8Q Kf2 57. Qd2+ Kg1 58. Qe2 Kh1 59. Kd5 1-0

[Event "Plunge op-B 41st"]
[Site "Plateliai"]
[Date "2022.07.21"]
[Round "5"]
[White "Navickas, Tadas"]
[Black "Gedvilaite, Barbora"]
[Result "1-0"]
[WhiteElo "1218"]
[BlackElo "1446"]
[PlyCount "119"]
[EventDate "2022.07.18"]
[EventType "swiss"]
[EventRounds "9"]
[EventCountry "LTU"]
[SourceTitle "CBM 209 Extra"]
[Source "ChessBase"]
[SourceDate "2022.09.30"]
[SourceVersion "1"]
[SourceVersionDate "2022.09.30"]
[SourceQuality "1"]

1. d4 Nf6 2. c4 g6 3. Nc3 Bg7 4. e4 d6 5. Nf3 0-0 6. Be2 Nbd7 7. 0-0 Qe8 8. Be3 e5 9. d5 b6 10. h3 Bb7 11. b4 Nh5 12. Ne1 Nf4 13. Bxf4 exf4 14. Qc2 Bxc3 15. Qxc3 Qxe4 16. Bf3 Qe7 17. Nd3 Qg5 18. Qd4 Ne5 19. Qxf4 Qxf4 20. Nxf4 Nxc4 21. Rfc1 b5 22. Be2 c6 23. Bxc4 bxc4 24. dxc6 Bxc6 25. Rxc4 Rac8 26. Rd1 Rfd8 27. Rcd4 Ba4 28. R1d2 Rc6 29. Nd5 Kf8 30. Nf6 h5 31. Ne4 Ke7 32. Rd5 Rb6 33. a3 Bb3 34. R5d3 Be6 35. Nc3 Kf8 36. Rd4 Rc6 37. Nb5 Ra6 38. Rxd6 Rdxd6 39. Rxd6 Rxd6 40. Nxd6 Ke7 41. Nb5 a6 42. Nc3 Bc4 43. f4 Kd6 44. Kf2 Kc6 45. Ke3 Bf1 46. Kf2 Bd3 47. h4 Kb6 48. Ke3 Bf1 49. g3 a5 50. Kd4 axb4 51. axb4 f6 52. Kd5 Bh3 53. Kd6 g5 54. fxg5 fxg5 55. hxg5 Bf5 56. Ke5 Bd3 57. Kf6 Kc7 58. g6 Kd7 59. Kg5 Ke7 60. Nd5+ 1-0

[Event "Plunge op-B 41st"]
[Site "Plateliai"]
[Date "2022.07.19"]
[Round "3"]
[White "Navickas, Tadas"]
[Black "Strokova, Medeina"]
[Result "1-0"]
[WhiteElo "1218"]
[BlackElo "1132"]
[PlyCount "55"]
[EventDate "2022.07.18"]
[EventType "swiss"]
[EventRounds "9"]
[EventCountry "LTU"]
[SourceTitle "CBM 209 Extra"]
[Source "ChessBase"]
[SourceDate "2022.09.30"]
[SourceVersion "1"]
[SourceVersionDate "2022.09.30"]
[SourceQuality "1"]

1. d4 d5 2. c4 e6 3. Nc3 c6 4. Nf3 Nf6 5. Bg5 Nbd7 6. e3 Bd6 7. Bd3 dxc4 8. Bxc4 b5 9. Bd3 a6 10. Ne4 Be7 11. 0-0 0-0 12. Rc1 Bb7 13. Qc2 Nxe4 14. Bxe7 Qxe7 15. Bxe4 Rac8 16. Bxh7+ Kh8 17. Bd3 c5 18. dxc5 Bxf3 19. gxf3 Qg5+ 20. Kh1 Nxc5 21. Rg1 Qd5 22. Be2 Qxa2 23. Rg3 g6 24. Qc3+ Kg8 25. Qf6 Nd7 26. Rxg6+ fxg6 27. Qxg6+ Kh8 28. Rg1 1-0